| 000 | 01462nam a2200373 c 4500 | ||
|---|---|---|---|
| 003 | BLK | ||
| 005 | 20250617130622.0 | ||
| 008 | 180409b bul|||||r ||||||| ||bul|| | ||
| 010 | _aKNG00144116000 | ||
| 020 |
_a978-954-655-391-1 _bиздат.: Бард |
||
| 040 | _aBLK | ||
| 041 |
_aBUL _cBUL |
||
| 072 | 7 |
_2bullib _aН8301 _xТрилъри Н |
|
| 080 |
_aАмериканска литература (на САЩ) _b821.111(73) _x-312.4 _z821.111(73)-312.4 |
||
| 100 | 1 |
_aКлайн, Матю _eпърви автор _9299095 |
|
| 700 | 1 |
_aЗлатарски, Иван Василев _d1948- _gПреводач от английски език (художествена литература), инженер _9242826 |
|
| 139 |
_aКлайн, Матю _bК 63 |
||
| 245 | 1 | 0 |
_aРестарт _bРоман _cМатю Клайн; прев. Иван Златарски. |
| 257 | _aUSA | ||
| 260 |
_аСофия _bБард _c2013 _fХасково : Полиграфюг |
||
| 300 |
_a348 с. _c20 см |
||
| 380 | _aX | ||
| 490 | 1 | _aКралете на трилъра | |
| 500 | _aОриг. загл. No Way Back / Matthew Klein. | ||
| 653 | _aтрилъри | ||
| 653 | _aромани | ||
| 659 | _aН | ||
| 852 | _aЦб 259992 | ||
| 856 | 4 |
_qpdf _u |
|
| 856 | 4 |
_qpdf _u |
|
| 942 |
_cKNG _n0 _044 |
||
| 944 |
_aCR _c18.06.2013 _lЦветелина Шанова _k30531 |
||
| 944 |
_aED _c28.01.2015 _lф / _kПенка_Димитрова |
||
| 999 |
_c138135 _d138135 |
||